Housing policy discussion (Record no. 120867)

MARC details
000 -LEADER
fixed length control field 00784cai a22001815a 4500
001 - CONTROL NUMBER
control field E150365
008 - FIXED-LENGTH DATA ELEMENTS--GENERAL INFORMATION
fixed length control field 100705u xxk g 000 0 eng d
035 ## - SYSTEM CONTROL NUMBER
System control number (Sirsi) u150365
041 0# - LANGUAGE CODE
Language code of text/sound track or separate title eng
110 2# - MAIN ENTRY--CORPORATE NAME
Corporate name or jurisdiction name as entry element Scotland
Subordinate unit Scottish Government
9 (RLIN) 5344
245 00 - TITLE STATEMENT
Title Housing policy discussion
Medium [electronic resource]
520 ## - SUMMARY, ETC.
Summary, etc. A Scottish Government website dedicated to a discussion of future housing policy. The focus for the discussion is the paper "Housing: Fresh thinking, New Ideas" (see E150019), published in May 2010.
590 ## - LOCAL NOTE (RLIN)
Local note KA
651 #4 - SUBJECT ADDED ENTRY--GEOGRAPHIC NAME
Geographic name Scotland
Chronological subdivision 1999-
690 ## - LOCAL SUBJECT ADDED ENTRY--TOPICAL TERM (OCLC, RLIN)
Topical term or geographic name as entry element PROPERTY-RESIDENTIAL PROPERTY-DOMESTIC RESIDENTIAL PROPERTY-HOUSING
856 40 - ELECTRONIC LOCATION AND ACCESS
Uniform Resource Identifier <a href="https://housingdiscussion.scotland.gov.uk/">https://housingdiscussion.scotland.gov.uk/</a>
Public note View the website at http://housingdiscussion.scotland.gov.uk
942 ## - ADDED ENTRY ELEMENTS (KOHA)
Suppress in OPAC 0
Holdings
Withdrawn status Lost status Source of classification or shelving scheme Damaged status Not for loan Home library Current library Shelving location Date acquired Total Checkouts Full call number Barcode Date last seen Copy number Price effective from Koha item type
    Dewey Decimal Classification     Virtual Virtual Online 05/07/2010   WEBSITE 150365-2001 06/08/2019 1 06/08/2019 Online material